Antenna Theory and Design [e resource : question paper] : MTech degree exam, Jun 12 (10EC011) (Record no. 215524)
[ view plain ]
| 000 -LEADER | |
|---|---|
| fixed length control field | 00403nam a2200121Ia 4500 |
| 008 - FIXED-LENGTH DATA ELEMENTS--GENERAL INFORMATION | |
| fixed length control field | 231221s9999 xx 000 0 und d |
| 041 ## - LANGUAGE CODE | |
| Language code of text/sound track or separate title | English |
| 082 ## - DEWEY DECIMAL CLASSIFICATION NUMBER | |
| Classification number | QPECPG12-5433 |
| 245 #0 - TITLE STATEMENT | |
| Title | Antenna Theory and Design [e resource : question paper] : MTech degree exam, Jun 12 (10EC011) |
| 260 ## - PUBLICATION, DISTRIBUTION, ETC. | |
| Date of publication, distribution, etc. | 2012/06 |
| Name of publisher, distributor, etc. | VTU |
| Place of publication, distribution, etc. | Bangalore |
| 650 ## - SUBJECT ADDED ENTRY--TOPICAL TERM | |
| Topical term or geographic name entry element | Antenna,[e,paper],MTech,degree,exam,,Jun,12,(10EC011) |
| 942 ## - ADDED ENTRY ELEMENTS (KOHA) | |
| Koha item type | Digital Library |
| Date last seen | Total checkouts | Full call number | Accession number | Uniform resource identifier | Price effective from | Category | Lost status | Damaged status | Department | Withdrawn status | Home library | Current library | Shelving location | Entry date | Grants | Billdate | Currency symbol | Conversion rate | Discount | Old discount |
|---|---|---|---|---|---|---|---|---|---|---|---|---|---|---|---|---|---|---|---|---|
| 26/01/2024 | QPECPG12-5433 | DL5433 | digital/qp/dl5433.pdf | 26/01/2024 | Digital Library | Central Library | Central Library | Central Library | Central Library | EC/PG | 21/02/2018 | RS | 1 |
